[Event "BLR-chT"]
[Site "Minsk"]
[Date "2017.05.11"]
[Round "4.1"]
[White "Kolesnik, Eduard"]
[Black "Nikitenko, Mihail"]
[Result "0-1"]
[WhiteElo "2276"]
[BlackElo "2408"]
[PlyCount "70"]
[EventDate "2017.05.08"]
[EventType "team-swiss"]
[EventRounds "7"]
[EventCountry "BLR"]
[SourceTitle "CBM 178 Extra"]
[Source "ChessBase"]
[SourceDate "2017.06.22"]
[SourceVersion "1"]
[SourceVersionDate "2017.06.22"]
[SourceQuality "1"]
[WhiteTeam "Belaya Tower"]
[BlackTeam "Minsk Grand"]
[WhiteTeamCountry "BLR"]
[BlackTeamCountry "BLR"]

1. e4 e5 2. Nc3 Nc6 3. g3 Bc5 4. Bg2 d6 5. Na4 f5 6. d3 Bb4+ 7. c3 Ba5 8. b4 Bb6 9. Nxb6 axb6 10. Ne2 fxe4 11. Bxe4 Nf6 12. Bg2 Be6 13. 0-0 0-0 14. b5 Ne7 15. Bxb7 Ra5 16. Bg2 Rxb5 17. c4 Ra5 18. Bd2 Ra7 19. Nc3 Qc8 20. Nb5 Ra6 21. Qe2 Bg4 22. f3 Bd7 23. a4 Nf5 24. Bc3 c6 25. Nxd6 Nxd6 26. Qxe5 Nf7 27. Qe2 Bh3 28. Rfe1 Bxg2 29. Kxg2 Qf5 30. d4 Raa8 31. Qb2 Ng5 32. f4 Qh3+ 33. Kh1 Nge4 34. Re3 Rae8 35. Qg2 Nf2+ 0-1

[Event "Oberliga Ost-B 1516"]
[Site "Germany"]
[Date "2015.12.13"]
[Round "5.7"]
[White "Kolesnik, Eduard"]
[Black "Humburg, Philipp"]
[Result "1-0"]
[WhiteElo "2265"]
[BlackElo "2186"]
[PlyCount "85"]
[EventDate "2015.09.20"]
[EventType "team-tourn"]
[EventRounds "11"]
[EventCountry "GER"]
[SourceTitle "EXT 2017"]
[Source "ChessBase"]
[SourceDate "2016.10.25"]
[SourceVersion "1"]
[SourceVersionDate "2016.10.25"]
[SourceQuality "1"]
[WhiteTeam "Heusenstamm"]
[BlackTeam "Kassel"]
[WhiteTeamCountry "GER"]
[BlackTeamCountry "GER"]

1. e4 c5 2. Nf3 d6 3. d4 cxd4 4. Nxd4 Nf6 5. Nc3 Nc6 6. Bg5 e6 7. Qd2 a6 8. 0-0-0 Bd7 9. f3 Rc8 10. Kb1 h6 11. Be3 b5 12. Nxc6 Bxc6 13. Ne2 Qc7 14. h4 h5 15. Nd4 Bb7 16. Bd3 Be7 17. Rh3 Nd7 18. Rg3 g6 19. Bg5 Nc5 20. Bxb5+ axb5 21. Nxb5 Qb6 22. Bxe7 Qxb5 23. Qxd6 Qd7 24. Bf6 Qxd6 25. Rxd6 0-0 26. Rg5 Rc7 27. b3 Nxe4 28. fxe4 Bxe4 29. Re5 Bxc2+ 30. Kb2 Bf5 31. Re2 Rfc8 32. Rdd2 Rc1 33. a4 Rb1+ 34. Ka2 Rbc1 35. Kb2 Rb1+ 36. Ka2 Rbc1 37. Ka3 Bg4 38. Rf2 Rb8 39. Rf4 Rd1 40. Rfd4 Rxd2 41. Rxd2 g5 42. hxg5 Kh7 43. b4 1-0

[Event "Minsk Bronstein Memorial op"]
[Site "Minsk"]
[Date "2015.02.14"]
[Round "9"]
[White "Kolesnik, Eduard"]
[Black "Pushkarjow, Andreij"]
[Result "0-1"]
[WhiteElo "2221"]
[BlackElo "2255"]
[PlyCount "81"]
[EventDate "2015.02.14"]
[EventType "swiss (rapid)"]
[EventRounds "10"]
[EventCountry "BLR"]
[SourceTitle "EXT 2017"]
[Source "ChessBase"]
[SourceDate "2016.10.25"]
[SourceVersion "1"]
[SourceVersionDate "2016.10.25"]
[SourceQuality "1"]

1. e4 c6 2. d4 d5 3. e5 Bf5 4. h4 h5 5. c4 e6 6. Nc3 Ne7 7. Bg5 Qb6 8. Qd2 dxc4 9. Bxc4 Nd5 10. Nge2 Nd7 11. 0-0 f6 12. exf6 gxf6 13. Be3 0-0-0 14. Ng3 Bg6 15. Rfe1 Bf7 16. Nge4 Kb8 17. a3 Ka8 18. b4 Rg8 19. Rac1 Rg4 20. g3 Be7 21. Nc5 Nxc5 22. bxc5 Qc7 23. Bxd5 exd5 24. Bf4 Qd7 25. Na4 Qe8 26. Re3 Rxf4 27. gxf4 Bg6 28. Rce1 Qg8 29. Rg3 Qf7 30. Rxe7 Qxe7 31. Rxg6 Qe4 32. Rg3 Re8 33. Nc3 Qf5 34. Kh2 a6 35. Ne2 Qb1 36. Re3 Rg8 37. Rg3 Re8 38. Re3 Rg8 39. Ng3 Rg4 40. Kh3 Qg1 41. Qa5 0-1

[Event "Minsk op"]
[Site "Minsk"]
[Date "2014.07.18"]
[Round "3"]
[White "Fedorov, Alexei"]
[Black "Kolesnik, Eduard"]
[Result "1-0"]
[WhiteElo "2569"]
[BlackElo "2292"]
[PlyCount "58"]
[EventDate "2014.07.16"]
[EventType "swiss"]
[EventRounds "9"]
[EventCountry "BLR"]
[SourceTitle "CBM 161 Extra"]
[Source "ChessBase"]
[SourceDate "2014.08.29"]
[SourceVersion "1"]
[SourceVersionDate "2014.08.29"]
[SourceQuality "1"]

1. e4 e5 2. Nf3 Nc6 3. Bc4 Bc5 4. 0-0 Nf6 5. d3 d6 6. c3 0-0 7. Re1 Bb6 8. h3 Ne7 9. Bb3 Ng6 10. d4 h6 11. Nbd2 Re8 12. Bc2 c6 13. Nf1 Nh5 14. Be3 Nhf4 15. Ng3 Qf6 16. Nf5 Bc7 17. c4 exd4 18. N3xd4 d5 19. exd5 Bxf5 20. Nxf5 cxd5 21. cxd5 Rad8 22. Bd4 Rxe1+ 23. Qxe1 Qg5 24. Qe4 Nxh3+ 25. Kf1 Nhf4 26. Bxg7 Qh5 27. g3 Qh3+ 28. Kg1 Nxd5 29. Rd1 Ngf4 1-0

[Event "Minsk op"]
[Site "Minsk"]
[Date "2013.07.20"]
[Round "8"]
[White "Gorovets, Andrey"]
[Black "Kolesnik, Eduard"]
[Result "1-0"]
[WhiteElo "2481"]
[BlackElo "2314"]
[PlyCount "48"]
[EventDate "2013.07.13"]
[EventType "swiss"]
[EventRounds "9"]
[EventCountry "BLR"]
[SourceTitle "CBM 155 Extra"]
[Source "ChessBase"]
[SourceDate "2013.08.26"]
[SourceVersion "1"]
[SourceVersionDate "2013.08.26"]
[SourceQuality "1"]

1. c4 c6 2. e4 e5 3. Nf3 d6 4. d4 Nd7 5. Nc3 Ngf6 6. Be2 Be7 7. 0-0 0-0 8. Be3 Qc7 9. d5 Ng4 10. Bd2 Nc5 11. b4 Na6 12. Ne1 f5 13. exf5 Nf6 14. dxc6 bxc6 15. Qa4 Qb7 16. a3 Bxf5 17. c5 Nc7 18. cxd6 Bxd6 19. Nc2 Ne4 20. Nxe4 Bxe4 21. Ne3 Nb5 22. Bd3 Bxd3 23. Qb3+ Qf7 24. Qxd3 Rad8 1-0

[Event "Minsk op"]
[Site "Minsk"]
[Date "2010.08.10"]
[Round "7"]
[White "Zhigalko, Sergei"]
[Black "Kolesnik, Eduard"]
[Result "1-0"]
[WhiteElo "2656"]
[BlackElo "2351"]
[PlyCount "73"]
[EventDate "2010.08.04"]
[EventType "swiss"]
[EventRounds "9"]
[EventCountry "BLR"]
[SourceTitle "CBM 137 Extra"]
[Source "ChessBase"]
[SourceDate "2010.09.01"]
[SourceVersion "1"]
[SourceVersionDate "2010.09.01"]
[SourceQuality "1"]

1. e4 e5 2. Nf3 Nc6 3. Bb5 a6 4. Ba4 Nf6 5. 0-0 b5 6. Bb3 Bb7 7. d3 Be7 8. Nbd2 d6 9. a3 0-0 10. Re1 Qd7 11. Nf1 Rfe8 12. Ng3 g6 13. Bg5 Nd8 14. c3 Ne6 15. d4 c5 16. Bxf6 Bxf6 17. dxe5 Bg7 18. Qxd6 Qxd6 19. exd6 c4 20. Bc2 Nc5 21. a4 Rad8 22. axb5 axb5 23. Ra5 Bc6 24. Nd4 Bxd4 25. cxd4 Nb7 26. Ra6 Rxd6 27. Rb6 b4 28. f3 f5 29. b3 f4 30. Nf1 Na5 31. d5 cxb3 32. Bd3 Rxd5 33. exd5 Rxe1 34. dxc6 Rc1 35. Rxb4 Rxc6 36. Rb5 Rc3 37. Be4 1-0

[Event "Minsk op"]
[Site "Minsk"]
[Date "2010.08.09"]
[Round "6"]
[White "Kolesnik, Eduard"]
[Black "Grib, Roman"]
[Result "1-0"]
[WhiteElo "2351"]
[BlackElo "2219"]
[PlyCount "61"]
[EventDate "2010.08.04"]
[EventType "swiss"]
[EventRounds "9"]
[EventCountry "BLR"]
[SourceTitle "CBM 137 Extra"]
[Source "ChessBase"]
[SourceDate "2010.09.01"]
[SourceVersion "1"]
[SourceVersionDate "2010.09.01"]
[SourceQuality "1"]

1. e4 c5 2. Nf3 d6 3. d4 cxd4 4. Nxd4 Nf6 5. Nc3 g6 6. Be3 Bg7 7. f3 0-0 8. Qd2 Nc6 9. 0-0-0 d5 10. Nxc6 bxc6 11. Bh6 Bxh6 12. Qxh6 Qb6 13. e5 Nd7 14. h4 Nxe5 15. h5 Bf5 16. g4 f6 17. Qf4 Rab8 18. b3 g5 19. Qxf5 Qe3+ 20. Kb2 Rf7 21. Ba6 e6 22. Rd3 exf5 23. Rxe3 d4 24. Re2 dxc3+ 25. Kxc3 fxg4 26. fxg4 Nxg4 27. Bc4 Ne5 28. Bxf7+ Kxf7 29. Rd1 g4 30. Rd6 g3 31. Rg2 1-0

[Event "BLR-ch 76th"]
[Site "Minsk"]
[Date "2010.01.21"]
[Round "11"]
[White "Kolesnik, Eduard"]
[Black "Aleksandrov, Aleksej"]
[Result "1-0"]
[WhiteElo "2374"]
[BlackElo "2617"]
[PlyCount "53"]
[EventDate "2010.01.12"]
[EventType "tourn"]
[EventRounds "11"]
[EventCountry "BLR"]
[EventCategory "11"]
[SourceTitle "CBM 134 Extra"]
[Source "ChessBase"]
[SourceDate "2010.03.03"]
[SourceVersion "1"]
[SourceVersionDate "2010.03.03"]
[SourceQuality "1"]

1. e4 e5 2. Nf3 Nc6 3. Bc4 Bc5 4. 0-0 Nf6 5. d4 Bxd4 6. Nxd4 Nxd4 7. f4 d6 8. fxe5 dxe5 9. Bg5 Qd6 10. Na3 Qb6 11. Kh1 Bd7 12. Bxf7+ Kxf7 13. c3 Raf8 14. Nc4 Qe6 15. cxd4 Qxc4 16. dxe5 Bc6 17. exf6 h6 18. Qg4 hxg5 19. fxg7+ Kxg7 20. Qxg5+ Kh7 21. Qe7+ Kg6 22. Rxf8 Rxf8 23. Qxf8 Bxe4 24. Rf1 Qe6 25. Qf4 c5 26. Qg3+ Kh5 27. Rf4 1-0

[Event "BLR-ch 76th"]
[Site "Minsk"]
[Date "2010.01.20"]
[Round "9"]
[White "Kolesnik, Eduard"]
[Black "Fedorov, Alexei"]
[Result "0-1"]
[WhiteElo "2374"]
[BlackElo "2619"]
[PlyCount "74"]
[EventDate "2010.01.12"]
[EventType "tourn"]
[EventRounds "11"]
[EventCountry "BLR"]
[EventCategory "11"]
[SourceTitle "CBM 134 Extra"]
[Source "ChessBase"]
[SourceDate "2010.03.03"]
[SourceVersion "1"]
[SourceVersionDate "2010.03.03"]
[SourceQuality "1"]

1. e4 c5 2. Nf3 e6 3. d4 cxd4 4. Nxd4 a6 5. Bd3 Bc5 6. Nb3 Be7 7. Qg4 Bf6 8. Nc3 Nc6 9. f4 d6 10. Be3 Nge7 11. 0-0-0 Qc7 12. e5 dxe5 13. Ne4 exf4 14. Nxf6+ gxf6 15. Bc5 b6 16. Ba3 f5 17. Qh5 Nd5 18. Bxf5 Qe5 19. Rhe1 Ne3 20. Qf3 Bd7 21. Be4 Rc8 22. Rd2 Qg5 23. h4 Qh6 24. Qe2 Ne5 25. Qxa6 f3 26. Rxd7 Kxd7 27. Qa4+ Nc6 28. Nd2 f2 29. Bxc6+ Rxc6 30. Qd4+ Nd5 31. Qxf2 Qf4 32. Qxf4 Nxf4 33. Rf1 e5 34. Ne4 f5 35. Ng5 Kc7 36. Nf7 Re8 37. Nxe5 Ne2+ 0-1

[Event "BLR-ch 76th"]
[Site "Minsk"]
[Date "2010.01.19"]
[Round "8"]
[White "Zhigalko, Andrey"]
[Black "Kolesnik, Eduard"]
[Result "1-0"]
[WhiteElo "2600"]
[BlackElo "2374"]
[PlyCount "87"]
[EventDate "2010.01.12"]
[EventType "tourn"]
[EventRounds "11"]
[EventCountry "BLR"]
[EventCategory "11"]
[SourceTitle "CBM 134 Extra"]
[Source "ChessBase"]
[SourceDate "2010.03.03"]
[SourceVersion "1"]
[SourceVersionDate "2010.03.03"]
[SourceQuality "1"]

1. e4 e5 2. Nf3 Nc6 3. Bb5 a6 4. Ba4 Nf6 5. 0-0 b5 6. Bb3 Bb7 7. d3 Be7 8. Nbd2 d6 9. a3 0-0 10. Re1 Qd7 11. c3 Rfe8 12. d4 Bf8 13. h3 g6 14. Bc2 exd4 15. cxd4 Bg7 16. Nf1 Na5 17. Ng3 c5 18. d5 Qc7 19. Rb1 c4 20. Be3 Nd7 21. Bd4 Ne5 22. Bc3 Nd3 23. Bxg7 Nxe1 24. Bf6 Nxf3+ 25. Qxf3 Re5 26. Qe3 Qb8 27. f4 Re8 28. Kh1 h6 29. Bc3 Qd8 30. Nh5 Kf8 31. Nf6 Re7 32. Qe1 Nb3 33. Qh4 h5 34. Qg5 Rc7 35. Re1 Rc5 36. f5 Ke7 37. fxg6 fxg6 38. e5 Bxd5 39. Nxd5+ Kd7 40. e6+ Kc6 41. Qxd8 Rxd8 42. e7 Rc8 43. Nf6 Rg5 44. Bxb3 1-0

[Event "BLR-ch 76th"]
[Site "Minsk"]
[Date "2010.01.18"]
[Round "7"]
[White "Kolesnik, Eduard"]
[Black "Lutsko, Igor"]
[Result "1-0"]
[WhiteElo "2374"]
[BlackElo "2415"]
[PlyCount "149"]
[EventDate "2010.01.12"]
[EventType "tourn"]
[EventRounds "11"]
[EventCountry "BLR"]
[EventCategory "11"]
[SourceTitle "CBM 134 Extra"]
[Source "ChessBase"]
[SourceDate "2010.03.03"]
[SourceVersion "1"]
[SourceVersionDate "2010.03.03"]
[SourceQuality "1"]

1. e4 c5 2. Nf3 e6 3. d4 cxd4 4. Nxd4 Nc6 5. Nc3 a6 6. Be3 Nf6 7. Bd3 Qc7 8. 0-0 b5 9. a4 b4 10. Nce2 Nxd4 11. Bxd4 Ng4 12. Ng3 Ne5 13. Be2 Bb7 14. f4 Nc6 15. Be3 Be7 16. Bd3 g6 17. e5 d6 18. exd6 Qxd6 19. Ne4 Qd5 20. Kh1 f5 21. c4 Qa5 22. Nd2 Kf7 23. c5 Bf6 24. Nc4 Qc7 25. Nd6+ Kg7 26. Bc4 Bxb2 27. Ra2 Bf6 28. Re2 Bc8 29. Bg1 Nd8 30. Rfe1 Rf8 31. Bd4 Bd7 32. h3 h5 33. g4 hxg4 34. hxg4 fxg4 35. Rh2 Bc6+ 36. Kg1 Qe7 37. f5 Rh8 38. Qxg4 Rxh2 39. Qxg6+ Kf8 40. Bxf6 Qh7 41. Qxh7 Rxh7 42. fxe6 Rh1+ 43. Kf2 Rxe1 44. Kxe1 Nxe6 45. Bxe6 Bxa4 46. Kd2 Ra7 47. Kd3 Rh7 48. Ke4 Rh1 49. Bd5 Rc1 50. Kd4 b3 51. Nc4 Bb5 52. Na3 b2 53. Be4 Kf7 54. Bg5 Ke6 55. Bd2 Ra1 56. Nb1 Ra4+ 57. Ke3 Rc4 58. Bc3 Be8 59. Bd4 a5 60. Bd3 Rb4 61. Na3 Kd5 62. Be4+ Ke6 63. Bc3 Rb3 64. Nb1 a4 65. Kd4 Rb8 66. Bd5+ Kd7 67. c6+ Kc7 68. Ba5+ Kd6 69. Bd2 Rc8 70. Bb4+ Kc7 71. Kc5 Ra8 72. Na3 Bg6 73. Nb5+ Kc8 74. Ba5 b1Q 75. Be6+ 1-0

[Event "BLR-ch 76th"]
[Site "Minsk"]
[Date "2010.01.16"]
[Round "5"]
[White "Kolesnik, Eduard"]
[Black "Stupak, Kirill"]
[Result "1/2-1/2"]
[WhiteElo "2374"]
[BlackElo "2459"]
[PlyCount "59"]
[EventDate "2010.01.12"]
[EventType "tourn"]
[EventRounds "11"]
[EventCountry "BLR"]
[EventCategory "11"]
[SourceTitle "CBM 134 Extra"]
[Source "ChessBase"]
[SourceDate "2010.03.03"]
[SourceVersion "1"]
[SourceVersionDate "2010.03.03"]
[SourceQuality "1"]

1. e4 c5 2. Nf3 a6 3. c3 d6 4. d4 Qc7 5. Be2 g6 6. Bf4 Bg7 7. 0-0 Nd7 8. Nbd2 Ngf6 9. e5 dxe5 10. dxe5 Nh5 11. Be3 Nxe5 12. Nxe5 Qxe5 13. Nc4 Qc7 14. Bxh5 gxh5 15. Qxh5 Be6 16. Nd2 0-0-0 17. Ne4 Rd5 18. Qh4 b6 19. Rfe1 Bf5 20. Ng3 Bg6 21. Bg5 f6 22. Qc4 Qb7 23. Rxe7 Qxe7 24. Qxd5 fxg5 25. Qa8+ Kc7 26. Qa7+ Kd8 27. Qa8+ Kc7 28. Qa7+ Kd8 29. Qa8+ Kc7 30. Qa7+ 1/2-1/2

[Event "BLR-ch 76th"]
[Site "Minsk"]
[Date "2010.01.15"]
[Round "4"]
[White "Zhigalko, Sergei"]
[Black "Kolesnik, Eduard"]
[Result "1-0"]
[WhiteElo "2668"]
[BlackElo "2374"]
[PlyCount "87"]
[EventDate "2010.01.12"]
[EventType "tourn"]
[EventRounds "11"]
[EventCountry "BLR"]
[EventCategory "11"]
[SourceTitle "CBM 134 Extra"]
[Source "ChessBase"]
[SourceDate "2010.03.03"]
[SourceVersion "1"]
[SourceVersionDate "2010.03.03"]
[SourceQuality "1"]

1. e4 e5 2. Nf3 Nc6 3. Bb5 a6 4. Ba4 Nf6 5. 0-0 Be7 6. Re1 b5 7. Bb3 d6 8. c3 0-0 9. h3 Nb8 10. d4 Nbd7 11. Nbd2 Bb7 12. Bc2 Re8 13. Nf1 Bf8 14. Ng3 g6 15. a4 Rb8 16. Bd3 exd4 17. cxd4 c5 18. Bf4 Qb6 19. a5 Qa7 20. d5 c4 21. Bc2 Nc5 22. Qd2 Ba8 23. Rad1 Qc7 24. Bh6 Qe7 25. Nf5 gxf5 26. Qg5+ Kh8 27. Bxf8 Rxf8 28. e5 Nxd5 29. Qxf5 Nd3 30. Ng5 f6 31. exd6 Qg7 32. Ne6 Qxg2+ 33. Kxg2 Ne3+ 34. Kh2 Nxf5 35. Bxd3 cxd3 36. Nxf8 Rxf8 37. d7 Bc6 38. Rxd3 Rd8 39. Re8+ Rxe8 40. dxe8Q+ Bxe8 41. Rd8 Ng7 42. Ra8 Kg8 43. Rxa6 Nf5 44. Ra8 1-0

[Event "BLR-ch 76th"]
[Site "Minsk"]
[Date "2010.01.13"]
[Round "2"]
[White "Tihonov, Jurij"]
[Black "Kolesnik, Eduard"]
[Result "1-0"]
[WhiteElo "2472"]
[BlackElo "2374"]
[PlyCount "115"]
[EventDate "2010.01.12"]
[EventType "tourn"]
[EventRounds "11"]
[EventCountry "BLR"]
[EventCategory "11"]
[SourceTitle "CBM 134 Extra"]
[Source "ChessBase"]
[SourceDate "2010.03.03"]
[SourceVersion "1"]
[SourceVersionDate "2010.03.03"]
[SourceQuality "1"]

1. d4 d5 2. c4 c6 3. Nc3 Nf6 4. e3 e6 5. Nf3 Nbd7 6. Qc2 Bd6 7. g4 h6 8. Rg1 e5 9. cxd5 cxd5 10. Nb5 Bb8 11. g5 hxg5 12. Nxg5 e4 13. Bd2 Nb6 14. Qc5 a6 15. Ba5 Na4 16. Bxd8 Nxc5 17. Nc7+ Bxc7 18. Bxc7 Na4 19. b3 Nb2 20. Rb1 Nd3+ 21. Bxd3 exd3 22. Rc1 Bf5 23. Bg3 0-0 24. Kd2 Ne4+ 25. Nxe4 dxe4 26. Rc5 Bh3 27. Bc7 Rac8 28. a4 Rfe8 29. b4 f6 30. a5 Kf7 31. d5 Bd7 32. Rgc1 Ba4 33. R1c4 g5 34. Rd4 Bd7 35. Kc3 Kg6 36. Bg3 Kh5 37. Kd2 Kg4 38. f4 gxf4 39. Bxf4 Kf3 40. Rdc4 Rg8 41. Rxc8 Bxc8 42. Bg3 f5 43. Rc7 Rd8 44. d6 Be6 45. Re7 Bb3 46. Rxb7 Ba4 47. Rc7 Rd7 48. Rc5 Kg4 49. Bf4 Rb7 50. Kc3 Rb5 51. Rc7 Kf3 52. Rg7 Rd5 53. Kd2 Rb5 54. Ke1 d2+ 55. Kxd2 Rxb4 56. Kc3 Rb5 57. h4 Rb1 58. h5 1-0

[Event "Minsk op"]
[Site "Minsk"]
[Date "2008.07.15"]
[Round "6"]
[White "Kolesnik, Eduard"]
[Black "Ulko, Jaroslav"]
[Result "0-1"]
[WhiteElo "2379"]
[BlackElo "2469"]
[PlyCount "66"]
[EventDate "2008.07.10"]
[EventType "swiss"]
[EventRounds "9"]
[EventCountry "BLR"]
[SourceTitle "CBM 125 Extra"]
[Source "ChessBase"]
[SourceDate "2008.09.01"]
[SourceVersion "1"]
[SourceVersionDate "2008.09.01"]
[SourceQuality "1"]

1. e4 c5 2. Nf3 d6 3. d4 cxd4 4. Nxd4 Nf6 5. Nc3 Nc6 6. Bg5 e6 7. Qd2 Be7 8. 0-0-0 Nxd4 9. Qxd4 a6 10. f3 0-0 11. Kb1 b5 12. Be3 Bb7 13. Be2 Bc6 14. g4 Nd7 15. g5 Qb8 16. Rdg1 b4 17. Nd1 d5 18. exd5 Bxd5 19. h4 Rc8 20. h5 Qe5 21. Qd2 Qd6 22. Nf2 Nf8 23. Rc1 Rd8 24. b3 e5 25. Rh3 Qe6 26. Bd3 e4 27. fxe4 Bxe4 28. Bf4 Bxd3 29. Rxd3 Rxd3 30. Qxd3 Rd8 31. Qf3 Bc5 32. Rf1 Qd5 33. Qxd5 Rxd5 0-1

[Event "Minsk Inautomarket op"]
[Site "Minsk"]
[Date "2007.07.11"]
[Round "2"]
[White "Kolesnik, Eduard"]
[Black "Bocharov, Dmitry"]
[Result "0-1"]
[WhiteElo "2368"]
[BlackElo "2605"]
[PlyCount "47"]
[EventDate "2007.07.10"]
[EventType "swiss"]
[EventRounds "9"]
[EventCountry "BLR"]
[SourceTitle "EXT 2008"]
[Source "ChessBase"]
[SourceDate "2007.11.25"]
[SourceVersion "1"]
[SourceVersionDate "2007.11.25"]
[SourceQuality "1"]

1. e4 c5 2. Nf3 Nc6 3. d4 cxd4 4. Nxd4 e6 5. Nc3 a6 6. Be3 Nf6 7. Bd3 Qc7 8. Qe2 b5 9. f4 Nxd4 10. Bxd4 Qxf4 11. Rf1 Qd6 12. e5 Qxd4 13. exf6 Bb4 14. 0-0-0 Bxc3 15. bxc3 Qxc3 16. Qf3 Ra7 17. Qg3 gxf6 18. Qg7 Rf8 19. Rxf6 Rc7 20. Bxh7 Bb7 21. Rdf1 Rc4 22. Bg6 Qa3+ 23. Kd1 Rd4+ 24. Bd3 0-1

[Event "Minsk Inautomarket op"]
[Site "Minsk"]
[Date "2005.07.11"]
[Round "2"]
[White "Kolesnik, Eduard"]
[Black "Aleksandrov, Aleksej"]
[Result "0-1"]
[WhiteElo "2367"]
[BlackElo "2630"]
[PlyCount "44"]
[EventDate "2005.07.06"]
[EventType "swiss"]
[EventRounds "9"]
[EventCountry "BLR"]
[SourceTitle "CBM 107 Extra"]
[Source "ChessBase"]
[SourceDate "2005.09.01"]
[SourceVersion "1"]
[SourceVersionDate "2005.09.01"]
[SourceQuality "1"]

1. e4 e5 2. Bc4 Nf6 3. d3 c6 4. Nf3 d6 5. 0-0 Be7 6. c3 h6 7. Bb3 Nbd7 8. Re1 Qc7 9. Nbd2 0-0 10. Nf1 Re8 11. h3 Bf8 12. Nh4 Nc5 13. Bc2 g6 14. Qf3 Qd8 15. b4 Ne6 16. Bb3 a5 17. Be3 axb4 18. cxb4 d5 19. a3 Nh5 20. Nf5 Kh7 21. N5g3 Nhf4 22. Red1 d4 0-1

[Event "Canarias en Red prel 2nd"]
[Site "Playchess.com INT"]
[Date "2004.05.04"]
[Round "11"]
[White "Kolesnik, Eduard"]
[Black "Krivoshey, Sergei"]
[Result "0-1"]
[WhiteElo "2406"]
[BlackElo "2501"]
[PlyCount "44"]
[EventDate "2004.05.04"]
[EventType "swiss (blitz)"]
[EventRounds "13"]
[EventCountry "GER"]
[SourceTitle "EXT 2005"]
[Source "ChessBase"]
[SourceDate "2004.11.15"]
[SourceVersion "1"]
[SourceVersionDate "2004.11.15"]
[SourceQuality "1"]

1. e4 d5 2. exd5 Nf6 3. d4 Bg4 4. f3 Bf5 5. Bb5+ Nbd7 6. c4 e6 7. dxe6 Bxe6 8. c5 Nd5 9. Nc3 c6 10. Ba4 Nxc3 11. bxc3 Qa5 12. Ne2 0-0-0 13. 0-0 Nxc5 14. Bc2 Bc4 15. Bd2 Ne6 16. Bb3 Qd5 17. Nf4 Nxf4 18. Bxf4 Bd6 19. Qd2 Rhe8 20. Rfe1 Re6 21. Rxe6 Qxe6 22. Re1 Bxf4 0-1

[Event "Canarias en Red prel 2nd"]
[Site "Playchess.com INT"]
[Date "2004.05.04"]
[Round "9"]
[White "Rupp, Markus"]
[Black "Kolesnik, Eduard"]
[Result "1-0"]
[WhiteElo "2243"]
[BlackElo "2406"]
[PlyCount "67"]
[EventDate "2004.05.04"]
[EventType "swiss (blitz)"]
[EventRounds "13"]
[EventCountry "GER"]
[SourceTitle "EXT 2005"]
[Source "ChessBase"]
[SourceDate "2004.11.15"]
[SourceVersion "1"]
[SourceVersionDate "2004.11.15"]
[SourceQuality "1"]

1. d4 d5 2. c4 Nc6 3. cxd5 Qxd5 4. e3 e5 5. Nc3 Bb4 6. Bd2 Bxc3 7. Bxc3 exd4 8. Ne2 Be6 9. Nf4 Qd7 10. Nxe6 Qxe6 11. Bxd4 0-0-0 12. Be2 Nxd4 13. exd4 Nf6 14. 0-0 Qe4 15. Bf3 Qxd4 16. Qb3 Qb6 17. Qxf7 Rd7 18. Qc4 Rd4 19. Qc3 Rhd8 20. Rad1 Qd6 21. Rxd4 Qxd4 22. Qb3 Qb6 23. Qc2 g6 24. h3 Rd4 25. Re1 Qd6 26. Qb3 c6 27. Qf7 Nd7 28. Qxh7 Rd2 29. Qg7 Kc7 30. Bg4 Qd4 31. Qxd4 Rxd4 32. Re7 Rd1+ 33. Bxd1 Kd8 34. Rg7 1-0

[Event "BLR-ch 70th"]
[Site "Minsk"]
[Date "2004.03.11"]
[Round "8"]
[White "Kolesnik, Eduard"]
[Black "Zhigalko, Andrey"]
[Result "1/2-1/2"]
[WhiteElo "2406"]
[BlackElo "2491"]
[PlyCount "92"]
[EventDate "2004.03.04"]
[EventType "tourn"]
[EventRounds "11"]
[EventCountry "BLR"]
[EventCategory "9"]
[SourceTitle "EXT 2005"]
[Source "ChessBase"]
[SourceDate "2004.11.15"]
[SourceVersion "1"]
[SourceVersionDate "2004.11.15"]
[SourceQuality "1"]

1. e4 c5 2. Nf3 d6 3. d4 cxd4 4. Nxd4 Nf6 5. Nc3 a6 6. f3 e6 7. Be3 Be7 8. Qd2 Nc6 9. g4 0-0 10. 0-0-0 Nxd4 11. Bxd4 b5 12. g5 Nd7 13. h4 Qc7 14. h5 b4 15. Ne2 Ne5 16. Ng1 a5 17. f4 Nc4 18. Qh2 Bb7 19. Bd3 e5 20. g6 h6 21. b3 exd4 22. Bxc4 Bxe4 23. gxf7+ Rxf7 24. Rxd4 d5 25. Rxe4 dxe4 26. Ne2 Bf6 27. Qg2 Kh8 28. Qxe4 Rff8 29. Bd3 g5 30. hxg6 Bg7 31. Rh4 Rfd8 32. f5 a4 33. f6 axb3 34. fxg7+ Qxg7 35. axb3 Rac8 36. Qe3 Kg8 37. Rxh6 Qa1+ 38. Kd2 Rc6 39. Qe7 Rxc2+ 40. Kxc2 Qa2+ 41. Kc1 Qa3+ 42. Kd2 Qb2+ 43. Ke1 Qa1+ 44. Kd2 Rxd3+ 45. Kxd3 Qd4+ 46. Kc2 Qd2+ 1/2-1/2

[Event "BLR-ch 70th"]
[Site "Minsk"]
[Date "2004.03.08"]
[Round "5"]
[White "Kolesnik, Eduard"]
[Black "Zhigalko, Sergei"]
[Result "1/2-1/2"]
[WhiteElo "2406"]
[BlackElo "2493"]
[PlyCount "161"]
[EventDate "2004.03.04"]
[EventType "tourn"]
[EventRounds "11"]
[EventCountry "BLR"]
[EventCategory "9"]
[SourceTitle "EXT 2005"]
[Source "ChessBase"]
[SourceDate "2004.11.15"]
[SourceVersion "1"]
[SourceVersionDate "2004.11.15"]
[SourceQuality "1"]

1. e4 c5 2. Nf3 Nc6 3. d4 cxd4 4. Nxd4 Nf6 5. Nc3 e5 6. Ndb5 d6 7. Nd5 Nxd5 8. exd5 Nb8 9. c4 Be7 10. Bd3 a6 11. Nc3 0-0 12. 0-0 f5 13. f3 Bg5 14. Kh1 Nd7 15. b4 b6 16. Qc2 g6 17. Na4 a5 18. Bxg5 Qxg5 19. c5 axb4 20. cxd6 Qd8 21. Rab1 Rf6 22. Qc6 Bb7 23. Qxb7 Rxa4 24. Bb5 Nc5 25. Qe7 Ra8 26. Qxe5 Qxd6 27. Qxd6 Rxd6 28. Bc4 Ra4 29. Rf2 Kg7 30. Rd2 b3 31. axb3 Rb4 32. Kg1 Nb7 33. Be2 Na5 34. Rd3 Kf6 35. g3 Rb5 36. b4 Nb7 37. f4 Rbxd5 38. Rxd5 Rxd5 39. Bf3 Rd7 40. Bxb7 Rxb7 41. Rc1 Ke6 42. Rc6+ Kd5 43. b5 Ra7 44. Kg2 Rb7 45. Kf3 Kd4 46. h4 Kd3 47. h5 Rg7 48. Rxb6 Kc4 49. h6 Rd7 50. Rb8 Kc5 51. g4 Rd3+ 52. Ke2 Rd7 53. gxf5 gxf5 54. Rf8 Kxb5 55. Rxf5+ Kc6 56. Rf6+ Kd5 57. Kf3 Ra7 58. Kg4 Ra1 59. Rb6 Rh1 60. Kg5 Rg1+ 61. Kf5 Rh1 62. Ra6 Rh2 63. Ra5+ Kd4 64. Ra4+ Kd5 65. Ra5+ Kd4 66. Ra7 Rxh6 67. Rd7+ Ke3 68. Ke5 Ra6 69. f5 h5 70. f6 Ra5+ 71. Rd5 Ra8 72. Ke6 h4 73. Rh5 Kf4 74. f7 Kg4 75. Rh7 Ra6+ 76. Ke7 Ra7+ 77. Kf6 Rxf7+ 78. Kxf7 h3 79. Kf6 Kg3 80. Kf5 h2 81. Ke4 1/2-1/2